El mar /
Guardado en:
| Autor Principal: | |
|---|---|
| Formato: | Libro |
| Publicado: |
Mexico :
Life,
1962
|
| Materias: | |
| Etiquetas: |
Agregar Etiqueta
Sin Etiquetas, Sea el primero en etiquetar este registro!
|
| LEADER | 00686nam a22002055a 4500 | ||
|---|---|---|---|
| 001 | CEM.cems002246 | ||
| 005 | 20060216000000.0 | ||
| 008 | 130507s1962##################000#0#####d | ||
| 003 | CEMS | ||
| 082 | 0 | 4 | |a 551.46 |
| 100 | 1 | |a Engel, Leonard | |
| 245 | 1 | 0 | |a El mar / |
| 260 | |a Mexico : |b Life, |c 1962 | ||
| 300 | |a 190 p. | ||
| 505 | 0 | |a Zonas caldeadas del planeta. Formacion de los desiertos. Plantas bajo el sol. Reino de animales deserticos. Agua: el eterno problema. Duras normas de vida. Hombre contra desierto. Reformas y riquezas | |
| 653 | |a Corrientes marinas | ||
| 653 | |a Geologia | ||
| 653 | |a Mar | ||
| 653 | |a Mareas | ||
| 859 | |a CEMS |b BIB. CEMS - 11 de abril |h 551.46 |i En32 |p 2734.74 |t Ej.1 | ||
